00270    a2200133   4500001000700000020002200007040001100029100001600040240002200056245001700078300000800095362000900103440002400112189874  a978-85-6232-813-8  cMagnum  aLemov, Doug10aAula nota 10lpor10aAula nota 10  a3300 a2011 1aFundação Lemann